[Event "LEM 2019"]
[Site "?"]
[Date "2019.11.01"]
[Round "4.1"]
[White "Heinrich, Julius Tobias"]
[Black "Schulte, Felix"]
[Result "0-1"]
[WhiteElo "2099"]
[BlackElo "2097"]
[PlyCount "86"]
[EventDate "2019.??.??"]

1. e4 c5 2. c3 g6 3. d4 cxd4 4. cxd4 d5 5. exd5 Nf6 6. Bb5+ Bd7 7. Bc4 b5 8.
Bb3 Bg7 9. Ne2 O-O 10. O-O Bg4 11. f3 Bc8 12. Bg5 Bb7 13. Qd3 Nxd5 14. Bxd5
Qxd5 15. Bxe7 Re8 16. Nbc3 Qe6 17. Bc5 b4 18. d5 Qd7 19. Bxb4 a5 20. Bc5 Ba6
21. Qd2 Bxc3 22. Nxc3 Bxf1 23. Rxf1 Na6 24. Bd4 f5 25. Qg5 Qe7 26. Qh6 Qf8 27.
Qf4 Rad8 28. Be5 Qc5+ 29. Kh1 Nb4 30. Rd1 Qe7 31. Re1 Nd3 32. d6 Rxd6 33. Qc4+
Qf7 34. Qb5 Qe6 35. f4 Nxf4 36. g3 Rb6 37. Qxa5 Qc6+ 38. Re4 fxe4 39. gxf4 Rxb2
40. Qd5+ Qxd5 41. Nxd5 Rxe5 42. fxe5 Kf7 43. Nf6 e3 0-1

[Event "LEM 2019"]
[Site "?"]
[Date "2019.11.01"]
[Round "4.2"]
[White "Ozeran, Wladimir"]
[Black "Geue, Niklas"]
[Result "1/2-1/2"]
[WhiteElo "2073"]
[BlackElo "2016"]
[PlyCount "37"]
[EventDate "2019.??.??"]

1. d4 Nf6 2. g3 d5 3. Bg2 e6 4. Nf3 Be7 5. O-O O-O 6. c4 dxc4 7. Ne5 Nc6 8.
Bxc6 bxc6 9. Nxc6 Qe8 10. Nxe7+ Qxe7 11. Qa4 e5 12. dxe5 Qxe5 13. Qxc4 Be6 14.
Qc2 Bf5 15. Qc4 Be6 16. Qc2 Bf5 17. Qc4 Rfe8 18. Nc3 Rab8 19. Bf4 1/2-1/2

[Event "LEM 2019"]
[Site "?"]
[Date "2019.11.01"]
[Round "4.3"]
[White "Post, Hugo"]
[Black "Zeuner, Ole"]
[Result "1-0"]
[WhiteElo "2204"]
[BlackElo "2006"]
[PlyCount "81"]
[EventDate "2019.??.??"]

1. e4 e5 2. Nf3 Nc6 3. Bb5 a6 4. Ba4 Nf6 5. O-O Be7 6. Re1 b5 7. Bb3 d6 8. c3
O-O 9. h3 Na5 10. Bc2 c5 11. d4 Qc7 12. Nbd2 cxd4 13. cxd4 Nc6 14. Nb3 a5 15.
Be3 a4 16. Nbd2 Bd7 17. a3 Rfe8 18. Bd3 Qb7 19. Qe2 Rab8 20. Rac1 h6 21. dxe5
Nxe5 22. Nxe5 dxe5 23. Bc5 Bc6 24. Nf3 Bf8 25. Bxf8 Kxf8 26. Rc5 Nd7 27. Rc3
Nf6 28. Qe3 Kg8 29. Nh4 Kh7 30. Nf5 Rbd8 31. g4 g5 32. Kh2 Rd7 33. f3 Red8 34.
h4 Kg6 35. Kg3 b4 36. axb4 Bb5 37. Bxb5 Qxb5 38. Nxh6 Nh7 39. Nf5 Qxb4 40. h5+
Kf6 41. Rc6+ 1-0

[Event "LEM 2019"]
[Site "?"]
[Date "2019.11.01"]
[Round "4.4"]
[White "Paul, Johannes"]
[Black "Oswald, Michael"]
[Result "1-0"]
[WhiteElo "2364"]
[BlackElo "1961"]
[PlyCount "97"]
[EventDate "2019.??.??"]

1. d4 f5 2. g3 e6 3. Bg2 Nf6 4. c4 Be7 5. Nf3 O-O 6. O-O d5 7. b3 c6 8. Ba3
Bxa3 9. Nxa3 Bd7 10. Nc2 Be8 11. Nce1 Bh5 12. Qc2 Ne4 13. Nd3 Nd7 14. Nfe5 Nxe5
15. Nxe5 Rf6 16. e3 Ng5 17. b4 Bg4 18. h4 Nf7 19. Nxg4 fxg4 20. e4 dxe4 21.
Bxe4 Qxd4 22. Rad1 Qb6 23. Bxh7+ Kh8 24. a3 Ne5 25. Be4 Raf8 26. c5 Qc7 27. Qc3
Nf3+ 28. Kg2 Qf7 29. Qe3 Qh5 30. Rd7 Rh6 31. Rfd1 g5 32. Rd8 Rhf6 33. Rxf8+
Rxf8 34. Rd7 Qe8 35. Rh7+ Kg8 36. hxg5 Qd8 37. Qc3 Nd4 38. Rh4 Rf3 39. Bxf3
gxf3+ 40. Kh2 e5 41. Qd3 Qxg5 42. Qh7+ Kf8 43. Qxb7 Qg7 44. Qb8+ Kf7 45. Qxa7+
Kf6 46. Qxg7+ Kxg7 47. Kg1 Kf6 48. Kf1 Kf5 49. Rxd4 1-0

[Event "LEM 2019"]
[Site "?"]
[Date "2019.11.02"]
[Round "5.1"]
[White "Oswald, Michael"]
[Black "Heinrich, Julius Tobias"]
[Result "0-1"]
[WhiteElo "1961"]
[BlackElo "2099"]
[PlyCount "28"]
[EventDate "2019.??.??"]

1. d4 d5 2. c4 e6 3. Nc3 Nf6 4. cxd5 exd5 5. Bg5 Be7 6. e3 Nbd7 7. Qc2 c6 8.
Nf3 O-O 9. Bd3 Re8 10. O-O Ne4 11. Nxe4 dxe4 12. Bxe4 Bxg5 13. Bxh7+ Kh8 14.
Qf5 Ne5 0-1

[Event "LEM 2019"]
[Site "?"]
[Date "2019.11.02"]
[Round "5.2"]
[White "Zeuner, Ole"]
[Black "Paul, Johannes"]
[Result "0-1"]
[WhiteElo "2006"]
[BlackElo "2364"]
[PlyCount "60"]
[EventDate "2019.??.??"]

1. e4 e6 2. d4 d5 3. Nd2 Be7 4. Bd3 c5 5. exd5 Qxd5 6. Ngf3 cxd4 7. O-O Nf6 8.
Bc4 Qd6 9. Nb3 e5 10. Re1 Nc6 11. h3 O-O 12. Qe2 e4 13. Nfd2 Bf5 14. g4 Bg6 15.
g5 e3 16. Nf3 exf2+ 17. Qxf2 Ne4 18. Qh4 Rae8 19. Bf4 Qd7 20. Rad1 h6 21. Bb5
hxg5 22. Nxg5 Bxg5 23. Bxg5 Nxg5 24. Qxg5 Qxh3 25. Bxc6 bxc6 26. Nxd4 Be4 27.
Rd2 Bd5 28. Rde2 Qh1+ 29. Kf2 Qh2+ 30. Kf1 Bc4 0-1

[Event "LEM 2019"]
[Site "?"]
[Date "2019.11.02"]
[Round "5.4"]
[White "Schulte, Felix"]
[Black "Ozeran, Wladimir"]
[Result "1-0"]
[WhiteElo "2097"]
[BlackElo "2073"]
[PlyCount "95"]
[EventDate "2019.??.??"]

1. d4 d5 2. c4 e6 3. Nc3 Nf6 4. Bg5 Nbd7 5. cxd5 exd5 6. e3 Be7 7. Qc2 c6 8.
Bd3 h6 9. Bh4 O-O 10. Nf3 Re8 11. O-O-O Ne4 12. Bxe7 Qxe7 13. Bxe4 dxe4 14. Nd2
Nf6 15. Kb1 Be6 16. Ka1 Bd5 17. h3 Qe6 18. g4 b5 19. Rdg1 Bc4 20. Nxc4 Qxc4 21.
g5 hxg5 22. Rxg5 Nd5 23. Rhg1 g6 24. h4 b4 25. Qe2 Qxe2 26. Nxe2 Re6 27. h5 Kh7
28. Kb1 Rb8 29. Kc2 Kh6 30. hxg6 Rxg6 31. Rxg6+ fxg6 32. Ng3 Nf6 33. Kb3 g5 34.
Rc1 Rb6 35. Rc4 Nd5 36. Nxe4 Kh5 37. Nc5 a5 38. Nd7 Ra6 39. Ne5 Ne7 40. Rc1 Nf5
41. Rxc6 Ra8 42. Rf6 Nh6 43. d5 Re8 44. Re6 Rf8 45. f3 Nf5 46. d6 Ng7 47. Re7
Kh6 48. d7 1-0

[Event "LEM 2019"]
[Site "?"]
[Date "2019.11.02"]
[Round "6.2"]
[White "Post, Hugo"]
[Black "Schulte, Felix"]
[Result "1/2-1/2"]
[WhiteElo "2204"]
[BlackElo "2097"]
[PlyCount "116"]
[EventDate "2019.??.??"]

1. e4 a6 2. d4 d6 3. Nc3 b5 4. a3 Bb7 5. Be3 Nf6 6. Bd3 e6 7. Nf3 Be7 8. O-O
Nbd7 9. Re1 c5 10. Bg5 cxd4 11. Nxd4 Qb6 12. Be3 Qc7 13. f3 Nc5 14. Bf1 O-O 15.
Qd2 Rfd8 16. Rad1 Rac8 17. Kh1 Ncd7 18. Qf2 d5 19. exd5 Nxd5 20. Nxd5 Bxd5 21.
Nf5 Bf6 22. Nd4 Bb7 23. c3 Ne5 24. Nb3 Nd7 25. Rd2 Bd5 26. Nc1 Qb7 27. Nd3 e5
28. Nb4 Be6 29. Bd3 Nb8 30. Be4 Rxd2 31. Bxb7 Rxf2 32. Bxf2 Rd8 33. Be3 a5 34.
Nc2 Bf5 35. Be4 Bxe4 36. fxe4 Nc6 37. Kg1 Kf8 38. Kf1 Ke7 39. Ke2 Ke6 40. Bb6
Rb8 41. Bf2 Bg5 42. h4 Bh6 43. Rd1 Rd8 44. Rxd8 Nxd8 45. Bb6 Nc6 46. Kd3 g6 47.
c4 bxc4+ 48. Kxc4 Bd2 49. Kc5 Kd7 50. b4 axb4 51. axb4 f5 52. exf5 gxf5 53. b5
Ne7 54. Ba7 f4 55. Bb8 e4 56. Kd4 f3 57. gxf3 exf3 58. Ne3 Bxe3+ 1/2-1/2

[Event "LEM 2019"]
[Site "?"]
[Date "2019.11.02"]
[Round "6.3"]
[White "Paul, Johannes"]
[Black "Geue, Niklas"]
[Result "1-0"]
[WhiteElo "2364"]
[BlackElo "2016"]
[PlyCount "75"]
[EventDate "2019.??.??"]

1. c4 Nf6 2. Nc3 e6 3. e4 d5 4. e5 Nfd7 5. d4 dxc4 6. Bxc4 Nb6 7. Bd3 Bd7 8.
Qg4 Bc6 9. Bg5 Qd7 10. Nge2 Bd5 11. O-O Nc6 12. Rac1 a6 13. Rfd1 h6 14. Qh3 Be7
15. Bxe7 Nxe7 16. Qg4 O-O-O 17. Ng3 f5 18. exf6 gxf6 19. Qe2 f5 20. Re1 Nc6 21.
Nxd5 Nxd5 22. Qxe6 Qxe6 23. Rxe6 Nf4 24. Re3 Nxd3 25. Rxd3 Rxd4 26. Rxd4 Nxd4
27. Rc4 Rd8 28. f3 Rd5 29. Kf2 b5 30. Rc1 Kd7 31. Nh5 Re5 32. Nf4 Kd6 33. b4
Nc6 34. Rd1+ Ke7 35. Ng6+ Ke6 36. Nxe5 Nxe5 37. Ke3 Nc4+ 38. Kd4 1-0

[Event "LEM 2019"]
[Site "?"]
[Date "2019.11.02"]
[Round "6.4"]
[White "Oswald, Michael"]
[Black "Zeuner, Ole"]
[Result "0-1"]
[WhiteElo "1961"]
[BlackElo "2006"]
[PlyCount "48"]
[EventDate "2019.??.??"]

1. d4 Nf6 2. c4 g6 3. Nc3 Bg7 4. e4 d6 5. f4 O-O 6. Nf3 c5 7. d5 e6 8. dxe6
fxe6 9. Bd3 Nc6 10. O-O b6 11. Bd2 Bb7 12. Qe1 Qd7 13. Rd1 Rae8 14. Qg3 Nh5 15.
Qh3 Nxf4 16. Bxf4 Rxf4 17. Ng5 Bd4+ 18. Kh1 Rxf1+ 19. Rxf1 Ne5 20. Rf7 Nxf7 21.
Qxh7+ Kf8 22. Nb5 Bg7 23. Nxf7 Qxf7 24. Nxd6 Qf4 0-1

[Event "LEM 2019"]
[Site "?"]
[Date "2019.11.03"]
[Round "7.1"]
[White "Zeuner, Ole"]
[Black "Heinrich, Julius Tobias"]
[Result "0-1"]
[WhiteElo "2006"]
[BlackElo "2099"]
[PlyCount "65"]
[EventDate "2019.??.??"]

1. d4 e6 2. Bf4 d5 3. e3 Nf6 4. Nd2 Nbd7 5. Ngf3 Be7 6. Bd3 O-O 7. Ne5 Re8 8.
h4 c5 9. c3 cxd4 10. exd4 Nxe5 11. dxe5 Nd7 12. Nf3 f5 13. Nd4 Nc5 14. Bc2 g6
15. g3 Bd7 16. Qe2 b5 17. O-O-O Na4 18. g4 b4 19. Nxe6 Qa5 20. Bxa4 Bxa4 21. b3
Bxb3 22. axb3 Qa1+ 23. Kc2 Qa2+ 24. Kd3 Qa6+ 25. Ke3 Qxe6 26. gxf5 Qxf5 27.
Rxd5 bxc3 28. Qc4 Rac8 29. Qd3 Qe6 30. h5 c2 31. Rc1 g5 32. Bg3 Ba3 33. Kd4 0-1

[Event "LEM 2019"]
[Site "?"]
[Date "2019.11.03"]
[Round "7.2"]
[White "Geue, Niklas"]
[Black "Oswald, Michael"]
[Result "1-0"]
[WhiteElo "2016"]
[BlackElo "1961"]
[PlyCount "61"]
[EventDate "2019.??.??"]

1. c4 f5 2. Nc3 Nf6 3. g3 e5 4. Bg2 Bb4 5. Qc2 Bxc3 6. Qxc3 d6 7. e3 O-O 8. Ne2
Nc6 9. d4 Ne4 10. Qd3 Qf6 11. O-O Ng5 12. f4 Nf7 13. a3 e4 14. Qc2 a5 15. Bd2
b6 16. b4 Bb7 17. d5 Ne7 18. bxa5 bxa5 19. Nd4 c6 20. Rab1 Nd8 21. Bc3 cxd5 22.
Nc6 Qf7 23. Nxd8 Rfxd8 24. Rxb7 dxc4 25. Rfb1 Qe6 26. Bf1 d5 27. R1b5 a4 28.
Qb2 Re8 29. R5b6 Qc8 30. Qb4 Kf7 31. Bxg7 1-0

[Event "LEM 2019"]
[Site "?"]
[Date "2019.11.03"]
[Round "7.3"]
[White "Schulte, Felix"]
[Black "Paul, Johannes"]
[Result "0-1"]
[WhiteElo "2097"]
[BlackElo "2364"]
[PlyCount "62"]
[EventDate "2019.??.??"]

1. d4 Nf6 2. c4 e6 3. Nc3 Bb4 4. f3 O-O 5. a3 Bxc3+ 6. bxc3 Nh5 7. Nh3 f5 8.
Bg5 Qe8 9. e3 d6 10. Be2 Nc6 11. O-O e5 12. d5 Nb8 13. g4 Nf6 14. e4 fxe4 15.
fxe4 Qg6 16. Bxf6 Rxf6 17. Rxf6 gxf6 18. Qd3 Nd7 19. Qf3 Nc5 20. Nf2 Bd7 21.
Kh1 Kf7 22. g5 f5 23. Qh3 Ke7 24. Qh4 f4 25. Bh5 Qg7 26. Rg1 Rh8 27. Ng4 Nxe4
28. Nf6 Bf5 29. Bf3 Nc5 30. Re1 Kd8 31. g6 hxg6 0-1

[Event "LEM 2019"]
[Site "?"]
[Date "2019.11.03"]
[Round "7.4"]
[White "Ozeran, Wladimir"]
[Black "Post, Hugo"]
[Result "1/2-1/2"]
[WhiteElo "2073"]
[BlackElo "2204"]
[PlyCount "65"]
[EventDate "2019.??.??"]

1. d4 Nf6 2. g3 g6 3. Bg2 Bg7 4. Nf3 O-O 5. O-O d6 6. Re1 Nbd7 7. Nbd2 Re8 8.
c3 e5 9. dxe5 dxe5 10. Ng5 c6 11. Nde4 h6 12. Nxf6+ Nxf6 13. Qxd8 Rxd8 14. Ne4
Nxe4 15. Bxe4 Be6 16. Be3 f5 17. Bc2 b6 18. a3 Rd6 19. Rad1 Rad8 20. Rxd6 Rxd6
21. Rd1 Rxd1+ 22. Bxd1 g5 23. f4 gxf4 24. gxf4 e4 25. Bd4 Bxd4+ 26. cxd4 e3 27.
Bc2 Kf7 28. Kg2 Bd5+ 29. Kg3 Ke6 30. Bd3 Kf6 31. Bc2 c5 32. dxc5 bxc5 33. Bd3
1/2-1/2